| 000 | 01077naa a2200265 c 4500 | ||
|---|---|---|---|
| 001 | 48683 | ||
| 999 |
_c48683 _d48683 |
||
| 003 | ES-MaCES | ||
| 005 | 20161221124354.0 | ||
| 008 | 161221s2016 sp ||||| t||||||| ||spa d | ||
| 040 |
_aES-MaCES _bspa _cES-MaCES _dES-MaCES |
||
| 100 | 1 |
_920713 _aPérez Amorós, Francisco |
|
| 245 | 1 | 4 |
_aUna crónica de la reforma laboral de 2012 _cFrancisco Pérez Amorós |
| 610 | 1 | 4 |
_92999 _aEspaña _d2012 _tLey de medidas urgentes para la reforma del mercado laboral |
| 650 | 4 |
_928299 _aempleo |
|
| 650 | 4 |
_928292 _amercado de trabajo |
|
| 650 | 4 |
_928369 _arelaciones laborales |
|
| 650 | 4 |
_930174 _aflexibilidad del trabajo |
|
| 650 | 4 |
_927165 _aderecho del trabajo |
|
| 650 | 4 |
_927166 _alegislación del trabajo |
|
| 650 | 4 |
_929892 _areforma legislativa |
|
| 653 | 1 | 0 | _aRelaciones laborales-Empleo |
| 773 | 0 |
_985446 _dAlbacete (Concepción, 12, 2º izda., 02002) Bomarzo 1998- _o088344 _tRevista de derecho social _w(ES-MaCES)25695 _gn. 75 (jul.-sept. 2016) {10693 R. 088344} ;p. 235-246 |
|
| 902 | _aART Artículo de revista | ||
| 942 |
_2CES _cAR _h2.0. |
||